000
00228 a2200097 4500
001
3022
100
_a
Urdong, L
245
_a
The oxford thesaurus A-z dictionary of synonyns.
260
_a
_b
Clarendon p
_c
090
_c
2307
_d
2307
942
_a
NUST-CAE
_c
M
_c
14525
999
_c
238095
_d
238095